00421nam a2200133Ia 4500008004100000020001800041082001600059100002700075245007900102260003100181300001000212500002800222650003700250120629s9999 xx 000 0 und d a968-18-0273-X a658.3 R456a aReyes Ponce, Agustín aAdministracion de empresas : teoría y práctica / Agustin Reyes Ponce  aMéxico : Limusa, Noriega a392 p aApéndices e índices a1. ADMINISTRACION DE EMPRESASÌ